[Event "Gradiste op 1st"]
[Site "Gradiste"]
[Date "2019.06.27"]
[Round "6"]
[White "Budimir, Boris"]
[Black "Mrdja, Milan"]
[Result "1-0"]
[WhiteElo "2209"]
[BlackElo "2303"]
[PlyCount "65"]
[EventDate "2019.06.24"]
[EventType "swiss"]
[EventRounds "9"]
[EventCountry "CRO"]
[SourceTitle "EXT 2020"]
[Source "ChessBase"]
[SourceDate "2019.10.17"]
[SourceVersion "1"]
[SourceVersionDate "2019.10.17"]
[SourceQuality "1"]

1. e4 c5 2. Nf3 d6 3. c3 Nf6 4. Be2 Nbd7 5. d3 b6 6. Nbd2 Bb7 7. 0-0 Qc7 8. a4 a6 9. Nc4 e6 10. h3 d5 11. exd5 Nxd5 12. Re1 Be7 13. Bf1 0-0 14. g3 Rad8 15. Bg2 Rfe8 16. Qe2 Bf6 17. Bg5 Nxc3 18. bxc3 Bxf3 19. Qxf3 Bxg5 20. Qc6 Qxc6 21. Bxc6 Rf8 22. Rab1 Nb8 23. Be4 f5 24. Bg2 Rxd3 25. Rxe6 Rxc3 26. Ne5 Rd8 27. Rexb6 Nd7 28. Nxd7 Rxd7 29. Rxa6 Bf6 30. Rc6 Ra7 31. a5 Rxa5 32. Bd5+ Kf8 33. Rc7 1-0

[Event "Gradiste op 1st"]
[Site "Gradiste"]
[Date "2019.06.27"]
[Round "7"]
[White "Nikic, Patrick"]
[Black "Budimir, Boris"]
[Result "0-1"]
[WhiteElo "2113"]
[BlackElo "2209"]
[PlyCount "84"]
[EventDate "2019.06.24"]
[EventType "swiss"]
[EventRounds "9"]
[EventCountry "CRO"]
[SourceTitle "EXT 2020"]
[Source "ChessBase"]
[SourceDate "2019.10.17"]
[SourceVersion "1"]
[SourceVersionDate "2019.10.17"]
[SourceQuality "1"]

1. e4 e5 2. Nf3 Nc6 3. Bb5 a6 4. Ba4 g6 5. c3 d6 6. d4 b5 7. Bb3 Bg7 8. 0-0 Bd7 9. Be3 Qe7 10. Nbd2 Nf6 11. a4 Rb8 12. axb5 axb5 13. d5 Nd8 14. Bc2 0-0 15. Bd3 c6 16. dxc6 Bxc6 17. Qe2 Ne6 18. Ra7 Rb7 19. Rfa1 Ng4 20. Rxb7 Qxb7 21. Ng5 Nxe3 22. Nxe6 fxe6 23. Qxe3 b4 24. Nc4 bxc3 25. bxc3 d5 26. exd5 Bxd5 27. Nd6 Qb2 28. Rc1 Bh6 29. Rb1 Qxb1+ 30. Bxb1 Bxe3 31. fxe3 Rd8 32. Ne4 Bxe4 33. Bxe4 Rd1+ 34. Kf2 Rc1 35. Bb7 Rxc3 36. Be4 Kg7 37. Bb7 Kf6 38. Be4 Ra3 39. Ke2 h6 40. Kf2 g5 41. Ke2 Ra4 42. Bc6 Rc4 0-1

[Event "BIH-chT1"]
[Site "Bosanska Krupa"]
[Date "2018.08.29"]
[Round "7"]
[White "Budimir, Boris"]
[Black "Rajic, Ivan1111"]
[Result "1/2-1/2"]
[WhiteElo "2203"]
[BlackElo "2012"]
[PlyCount "47"]
[EventDate "2018.08.25"]
[EventType "tourn"]
[EventRounds "9"]
[EventCountry "BIH"]
[SourceTitle "CBM 186 Extra"]
[Source "ChessBase"]
[SourceDate "2018.08.24"]
[SourceVersion "1"]
[SourceVersionDate "2018.08.24"]
[SourceQuality "1"]

1. e4 c5 2. Nf3 d6 3. d4 cxd4 4. Nxd4 Nf6 5. Nc3 e6 6. Be2 Be7 7. 0-0 0-0 8. Be3 Nc6 9. f4 Bd7 10. Nb3 a6 11. a4 Rc8 12. Bf3 Na5 13. Nxa5 Qxa5 14. Qd4 Bc6 15. Rad1 Rfe8 16. Qd2 Qc7 17. Qf2 b5 18. axb5 axb5 19. e5 dxe5 20. Bxc6 Qxc6 21. fxe5 Ng4 22. Qxf7+ Kh8 23. Bd4 b4 24. Qh5 1/2-1/2

[Event "Paracin Summer op-A 10th"]
[Site "Paracin"]
[Date "2017.07.12"]
[Round "7.32"]
[White "Tica, Sven"]
[Black "Budimir, Boris"]
[Result "1-0"]
[WhiteElo "2333"]
[BlackElo "2233"]
[PlyCount "121"]
[EventDate "2017.07.07"]
[EventType "swiss"]
[EventRounds "9"]
[EventCountry "SRB"]
[SourceTitle "EXT 2018"]
[Source "ChessBase"]
[SourceDate "2017.10.13"]
[SourceVersion "1"]
[SourceVersionDate "2017.10.13"]
[SourceQuality "1"]

1. d4 d6 2. g3 g6 3. Bg2 Bg7 4. Nf3 Nf6 5. 0-0 0-0 6. c4 c5 7. d5 b5 8. cxb5 a6 9. b6 Qxb6 10. Nc3 Nbd7 11. e4 Qc7 12. h3 Rb8 13. Qc2 Nb6 14. Rb1 h6 15. Rd1 Rd8 16. b3 Bd7 17. Be3 Qc8 18. Kh2 Rb7 19. Rbc1 Kh7 20. e5 Bf5 21. Qe2 Ne4 22. Nxe4 Bxe4 23. exd6 exd6 24. Ng5+ hxg5 25. Bxe4 Re8 26. Bd3 Qa8 27. Qh5+ Kg8 28. Qxg5 Re5 29. Qg4 Nxd5 30. Bd2 Rbe7 31. Qf3 Qa7 32. Re1 Rxe1 33. Bxe1 Nc7 34. Qc6 c4 35. Be4 cxb3 36. axb3 Nb5 37. Kg2 Nd4 38. Qc8+ Kh7 39. Bd5 Qb6 40. Qg4 Nf5 41. Bd2 Re5 42. Qc4 Qb5 43. Bxf7 Qxc4 44. Bxc4 a5 45. Ra1 d5 46. Bd3 Nd4 47. Bc3 Nxb3 48. Ra3 d4 49. Bb2 Nc5 50. Bc4 Rf5 51. Rxa5 d3 52. Ra7 d2 53. Be2 Ne6 54. Rd7 Kh6 55. Bxg7+ Nxg7 56. Rxd2 Rf6 57. Bg4 g5 58. Rd8 Kg6 59. Rh8 Rb6 60. h4 gxh4 61. Rxh4 1-0

[Event "Paracin Summer op-A 10th"]
[Site "Paracin"]
[Date "2017.07.07"]
[Round "1"]
[White "Savic, Miodrag R"]
[Black "Budimir, Boris"]
[Result "1/2-1/2"]
[WhiteElo "2492"]
[BlackElo "2233"]
[PlyCount "50"]
[EventDate "2017.07.07"]
[EventType "swiss"]
[EventRounds "9"]
[EventCountry "SRB"]
[SourceTitle "EXT 2018"]
[Source "ChessBase"]
[SourceDate "2017.10.13"]
[SourceVersion "1"]
[SourceVersionDate "2017.10.13"]
[SourceQuality "1"]

1. e4 e5 2. Nf3 Nc6 3. Bc4 Bc5 4. c3 Nf6 5. d3 0-0 6. 0-0 d5 7. exd5 Nxd5 8. Nbd2 Nb6 9. Bb5 Bd6 10. Re1 Re8 11. Ne4 a6 12. Bxc6 bxc6 13. h3 Bf8 14. Ng3 Bd6 15. Re2 f6 16. d4 exd4 17. Nxd4 c5 18. Rxe8+ Qxe8 19. Ndf5 Bxg3 20. Nxg3 Bb7 21. Be3 Nd5 22. Qf3 Qc6 23. Re1 Re8 24. Bd2 Rxe1+ 25. Bxe1 Nf4 1/2-1/2

[Event "Lukavac op 5th"]
[Site "Lukavac"]
[Date "2016.11.27"]
[Round "6"]
[White "Budimir, Boris"]
[Black "Prskalo, Vladislav"]
[Result "1-0"]
[WhiteElo "2245"]
[BlackElo "1980"]
[PlyCount "47"]
[EventDate "2016.11.24"]
[EventType "swiss"]
[EventRounds "7"]
[EventCountry "BIH"]
[SourceTitle "EXT 2019"]
[Source "ChessBase"]
[SourceDate "2018.10.10"]
[SourceVersion "1"]
[SourceVersionDate "2018.10.10"]
[SourceQuality "1"]

1. e4 d6 2. d4 Nf6 3. Nc3 g6 4. f4 Bg7 5. Nf3 0-0 6. e5 Nfd7 7. h4 c5 8. e6 fxe6 9. h5 Nc6 10. d5 Nd4 11. hxg6 h6 12. dxe6 Nf6 13. Nxd4 cxd4 14. Qxd4 Bxe6 15. f5 Bxf5 16. Bxh6 Bxg6 17. 0-0-0 Bxh6+ 18. Rxh6 Kg7 19. Rh3 Qb6 20. Qd2 Rac8 21. Bd3 Bxd3 22. Qxd3 Kf7 23. Re1 Qc5 24. Rh7+ 1-0

[Event "BIH-ch"]
[Site "Lukavac"]
[Date "2016.04.03"]
[Round "7"]
[White "Mrndjic, Muamer"]
[Black "Budimir, Boris"]
[Result "0-1"]
[WhiteElo "2261"]
[BlackElo "2249"]
[PlyCount "126"]
[EventDate "2016.03.31"]
[EventType "swiss"]
[EventRounds "7"]
[EventCountry "BIH"]
[SourceTitle "CBM 171 Extra"]
[Source "ChessBase"]
[SourceDate "2016.04.26"]
[SourceVersion "1"]
[SourceVersionDate "2016.04.26"]
[SourceQuality "1"]

1. d4 Nf6 2. c4 e6 3. Nf3 d5 4. Nc3 c5 5. e3 cxd4 6. exd4 Be7 7. Be2 0-0 8. 0-0 dxc4 9. Bxc4 Nc6 10. a3 a6 11. d5 exd5 12. Nxd5 Nxd5 13. Bxd5 Qb6 14. Nd2 Qd4 15. Nc4 Qxd1 16. Rxd1 Bg4 17. f3 Bf5 18. Be3 Rad8 19. Rac1 Be6 20. Bxe6 fxe6 21. Bb6 Rd5 22. Re1 Kf7 23. Rcd1 Rc8 24. Kf1 Rxd1 25. Rxd1 Nb8 26. b3 Ke8 27. a4 Nd7 28. a5 Nxb6 29. axb6 Rc6 30. Ke2 Bc5 31. f4 Bxb6 32. Nd6+ Ke7 33. Nxb7 Bc7 34. g3 Rc2+ 35. Rd2 Rxd2+ 36. Kxd2 Bb6 37. b4 Kd7 38. Kc3 Kc6 39. Na5+ Bxa5 40. bxa5 Kb5 41. g4 Kxa5 42. Kd4 Kb6 43. Ke5 a5 44. Kxe6 a4 45. Kf7 a3 46. Kxg7 a2 47. Kxh7 a1Q 48. Kg6 Qd4 49. Kg5 Qd8+ 50. Kg6 Qg8+ 51. Kf5 Qh7+ 52. Ke5 Qxh2 53. g5 Qh8+ 54. Ke6 Qg7 55. f5 Qxg5 56. f6 Qe3+ 57. Kd7 Qd4+ 58. Ke6 Qe4+ 59. Kd6 Qf5 60. Ke7 Qe5+ 61. Kf7 Kc6 62. Kg6 Kd7 63. Kf7 Qh5+ 0-1

[Event "BIH-ch"]
[Site "Lukavac"]
[Date "2016.04.02"]
[Round "5"]
[White "Vajic, Goran"]
[Black "Budimir, Boris"]
[Result "1/2-1/2"]
[WhiteElo "2306"]
[BlackElo "2249"]
[PlyCount "87"]
[EventDate "2016.03.31"]
[EventType "swiss"]
[EventRounds "7"]
[EventCountry "BIH"]
[SourceTitle "CBM 171 Extra"]
[Source "ChessBase"]
[SourceDate "2016.04.26"]
[SourceVersion "1"]
[SourceVersionDate "2016.04.26"]
[SourceQuality "1"]

1. e4 c5 2. Nc3 Nc6 3. f4 g6 4. Nf3 Bg7 5. Bb5 d6 6. d3 Bd7 7. 0-0 Nf6 8. Qe1 0-0 9. Bxc6 Bxc6 10. Qh4 e6 11. f5 Nd7 12. Qh3 exf5 13. exf5 Ne5 14. Ng5 h5 15. fxg6 fxg6 16. Qe6+ Kh8 17. Bd2 Qd7 18. Qxd7 Bxd7 19. Nge4 c4 20. Bf4 cxd3 21. cxd3 Nxd3 22. Bxd6 Rxf1+ 23. Kxf1 Bc6 24. Ba3 Re8 25. Rd1 Nf4 26. g3 Bxe4 27. gxf4 Bc6 28. Bc5 a6 29. Bd4 Rf8 30. Bxg7+ Kxg7 31. Rd4 g5 32. Ne2 Kg6 33. Kf2 h4 34. Ke3 Re8+ 35. Kf2 Rf8 36. Ke3 g4 37. Rd6+ Rf6 38. Rd8 Kg7 39. Nd4 Bg2 40. Rd7+ Kg8 41. Rd8+ Kg7 42. Rd7+ Kg8 43. Rd8+ Kg7 44. Rd7+ 1/2-1/2

[Event "BIH-chT1B 22nd"]
[Site "Tuzla"]
[Date "2015.10.17"]
[Round "2.1"]
[White "Budimir, Boris"]
[Black "Bajric, Samir"]
[Result "1-0"]
[WhiteElo "2263"]
[BlackElo "2014"]
[PlyCount "109"]
[EventDate "2015.10.16"]
[EventType "team-tourn"]
[EventRounds "9"]
[EventCountry "BIH"]
[SourceTitle "CBM 169 Extra"]
[Source "ChessBase"]
[SourceDate "2015.12.18"]
[SourceVersion "1"]
[SourceVersionDate "2015.12.18"]
[SourceQuality "1"]

1. e4 c5 2. Nf3 d6 3. c3 Nf6 4. Be2 Nc6 5. d4 g6 6. 0-0 Bg7 7. Nbd2 0-0 8. h3 Qb6 9. d5 Nb8 10. Re1 Qc7 11. Qc2 a6 12. Nf1 b5 13. a4 bxa4 14. Rxa4 e6 15. Ne3 exd5 16. exd5 Nbd7 17. c4 Rb8 18. Nd1 Nh5 19. Ng5 Nhf6 20. Nf3 Nh5 21. Nc3 Re8 22. Bd2 Nb6 23. Raa1 Bf5 24. Qc1 Qc8 25. Bf1 Rxe1 26. Qxe1 Nf6 27. Qe7 Ne8 28. Re1 Bf6 29. Qe3 Bg7 30. Bc1 Nf6 31. Qf4 Qd7 32. Qd2 Na4 33. Nxa4 Qxa4 34. Qf4 Qd7 35. Qe3 Re8 36. Qa3 Rxe1 37. Nxe1 Qb7 38. Qa5 Qc8 39. b4 cxb4 40. Qxb4 Ne4 41. Qb6 h5 42. Be3 Be5 43. Nf3 Bf6 44. Nd4 Bd7 45. Bd3 Bd8 46. Qb1 Nf6 47. Bxg6 Qxc4 48. Bd3 Qxd5 49. Qb8 Qa5 50. Qxd6 Qd5 51. Qg3+ Kf8 52. Bxa6 Qa5 53. Bf1 Bc7 54. Bh6+ Ke8 55. Qg7 1-0

[Event "Bihac-chT1"]
[Site "Bihac"]
[Date "2014.08.24"]
[Round "3"]
[White "Budimir, Boris"]
[Black "Sisic, Enes"]
[Result "1/2-1/2"]
[WhiteElo "2237"]
[BlackElo "2012"]
[PlyCount "59"]
[EventDate "2014.08.23"]
[EventType "swiss"]
[EventRounds "9"]
[EventCountry "BIH"]
[SourceTitle "EXT 2015"]
[Source "ChessBase"]
[SourceDate "2014.11.20"]
[SourceVersion "1"]
[SourceVersionDate "2014.11.20"]
[SourceQuality "1"]

1. e4 c6 2. d4 d5 3. exd5 cxd5 4. c4 Nf6 5. Nc3 e6 6. Nf3 Bb4 7. cxd5 Nxd5 8. Bd2 Nc6 9. Bd3 Qb6 10. 0-0 0-0 11. Nxd5 exd5 12. Be3 Bd6 13. Ng5 f5 14. Qh5 h6 15. Qg6 hxg5 16. Qxd6 Nb4 17. Qxb6 axb6 18. Bb1 f4 19. Bd2 Nc6 20. Bc3 b5 21. b3 b4 22. Bb2 Bd7 23. Bd3 Kf7 24. Rfd1 g6 25. Bb5 Rfe8 26. a3 bxa3 27. Bxa3 Kf6 28. Bc5 g4 29. Bd6 g5 30. Bxc6 1/2-1/2

[Event "SRB Central-ch op-A 6th"]
[Site "Paracin"]
[Date "2013.07.10"]
[Round "7"]
[White "Budimir, Boris"]
[Black "Tosic, Miroslav"]
[Result "0-1"]
[WhiteElo "2253"]
[BlackElo "2421"]
[PlyCount "90"]
[EventDate "2013.07.05"]
[EventType "swiss"]
[EventRounds "9"]
[EventCountry "SRB"]
[SourceTitle "CBM 155 Extra"]
[Source "ChessBase"]
[SourceDate "2013.08.26"]
[SourceVersion "1"]
[SourceVersionDate "2013.08.26"]
[SourceQuality "1"]

1. e4 c5 2. Nf3 e6 3. c4 d6 4. d4 cxd4 5. Nxd4 Nf6 6. Nc3 a6 7. Be2 Be7 8. 0-0 Qc7 9. Be3 0-0 10. Rc1 b6 11. f3 Bb7 12. Qe1 Nbd7 13. Qg3 Rfe8 14. Rfd1 Rac8 15. Qf2 Qb8 16. Nc2 Bd8 17. Ne1 Ba8 18. b3 Bc7 19. g3 Bc6 20. Nd3 Bb7 21. Bf1 h6 22. Bg2 Bd8 23. Nf4 Bc6 24. Nfe2 Be7 25. Nd4 Ba8 26. Bf1 Bf8 27. Rc2 Bb7 28. Qd2 Qa8 29. Bg2 d5 30. cxd5 exd5 31. Nxd5 Nxd5 32. Rxc8 Rxc8 33. exd5 Bxd5 34. Qf2 Ne5 35. h3 Bc5 36. f4 Bxg2 37. fxe5 Bxh3 38. Kh2 Bg4 39. Rf1 Qb7 40. b4 Bxd4 41. Bxd4 Rc4 42. Qf4 Be6 43. Rc1 Rxb4 44. Qf2 Qe4 45. Bxb6 Qxe5 0-1

[Event "SRB Central-ch op-A 6th"]
[Site "Paracin"]
[Date "2013.07.09"]
[Round "6"]
[White "Budimir, Boris"]
[Black "Irizanin, Radoje"]
[Result "1-0"]
[WhiteElo "2253"]
[BlackElo "2333"]
[PlyCount "169"]
[EventDate "2013.07.05"]
[EventType "swiss"]
[EventRounds "9"]
[EventCountry "SRB"]
[SourceTitle "CBM 155 Extra"]
[Source "ChessBase"]
[SourceDate "2013.08.26"]
[SourceVersion "1"]
[SourceVersionDate "2013.08.26"]
[SourceQuality "1"]

1. c4 e6 2. g3 d5 3. Bg2 c6 4. cxd5 exd5 5. Nf3 Nf6 6. 0-0 Be7 7. d4 0-0 8. Nc3 Nbd7 9. Qc2 Re8 10. Bg5 h6 11. Bf4 Nf8 12. Rae1 Be6 13. Ne5 Rc8 14. Rd1 N8d7 15. h3 c5 16. Be3 cxd4 17. Bxd4 Nxe5 18. Bxe5 Qa5 19. Qd2 Red8 20. Bxf6 Bxf6 21. Nxd5 Qxd2 22. Rxd2 Bxd5 23. Bxd5 Kf8 24. Rfd1 Rc7 25. b3 a5 26. a4 b6 27. Bc4 Rxd2 28. Rxd2 Ke7 29. e3 Be5 30. Kg2 Bd6 31. Rd3 f6 32. Kf3 Rc5 33. g4 h5 34. Ke2 h4 35. f4 g5 36. Kf3 Bc7 37. Ke4 Bd6 38. Rd1 Bc7 39. Rf1 Bd6 40. Rf3 Kd8 41. fxg5 Re5+ 42. Kd3 fxg5 43. Rf7 Bc5 44. e4 Ke8 45. Rg7 Kf8 46. Rg8+ Ke7 47. Bd5 Kf6 48. Rc8 Re7 49. Rf8+ Kg6 50. Rf5 Bd6 51. Kd4 Bc5+ 52. Kc4 Bd6 53. Kb5 Bc5 54. e5 Bd4 55. e6 Rc7 56. Bc6 Bc5 57. Bd7 Bb4 58. Rf7 Rc5+ 59. Kxb6 Re5 60. Rf3 Re1 61. Kc7 Rg1 62. Rf7 Re1 63. Rf3 Rg1 64. Be8+ Kg7 65. Rf7+ Kh6 66. Bb5 Rg3 67. e7 Bxe7 68. Rxe7 Rxh3 69. Bc4 Rg3 70. Kb6 h3 71. Re1 Rxg4 72. Be6 Rh4 73. Rh1 h2 74. Kxa5 Kg6 75. b4 Kf6 76. Bc8 Rh8 77. Bb7 g4 78. b5 g3 79. b6 Ke5 80. Rd1 Kf4 81. Bh1 Ke3 82. b7 Kf2 83. Kb6 g2 84. Rd2+ Kg1 85. Bxg2 1-0

[Event "SRB Central-ch op-A 6th"]
[Site "Paracin"]
[Date "2013.07.09"]
[Round "5"]
[White "Carnic, Srdjan"]
[Black "Budimir, Boris"]
[Result "1/2-1/2"]
[WhiteElo "2341"]
[BlackElo "2253"]
[PlyCount "40"]
[EventDate "2013.07.05"]
[EventType "swiss"]
[EventRounds "9"]
[EventCountry "SRB"]
[SourceTitle "CBM 155 Extra"]
[Source "ChessBase"]
[SourceDate "2013.08.26"]
[SourceVersion "1"]
[SourceVersionDate "2013.08.26"]
[SourceQuality "1"]

1. Nf3 Nf6 2. d4 g6 3. c4 Bg7 4. Nc3 0-0 5. g3 d6 6. Bg2 Nc6 7. 0-0 Bf5 8. d5 Na5 9. Nd4 Bd7 10. b3 c5 11. Nc2 a6 12. Qd3 b5 13. Bd2 Ng4 14. f4 b4 15. Ne4 Bxa1 16. Rxa1 Nb7 17. h3 Nf6 18. Nxf6+ exf6 19. a4 bxa3 20. Bc3 a5 1/2-1/2

[Event "SRB Central-ch op-A 6th"]
[Site "Paracin"]
[Date "2013.07.06"]
[Round "2"]
[White "Budimir, Boris"]
[Black "Djordjevic, Vuk D"]
[Result "1-0"]
[WhiteElo "2253"]
[BlackElo "2138"]
[PlyCount "63"]
[EventDate "2013.07.05"]
[EventType "swiss"]
[EventRounds "9"]
[EventCountry "SRB"]
[SourceTitle "CBM 155 Extra"]
[Source "ChessBase"]
[SourceDate "2013.08.26"]
[SourceVersion "1"]
[SourceVersionDate "2013.08.26"]
[SourceQuality "1"]

1. c4 e5 2. Nc3 Nc6 3. g3 d6 4. Bg2 Be6 5. d3 Qd7 6. a3 a5 7. Rb1 g6 8. b4 axb4 9. axb4 Bg7 10. b5 Nd8 11. Nd5 Ne7 12. Nxe7 Qxe7 13. h4 h6 14. Bd2 0-0 15. e3 f5 16. Ne2 c5 17. 0-0 Nf7 18. Nc3 e4 19. dxe4 Bxc4 20. Nd5 Bxd5 21. exd5 Rfd8 22. Qc2 Qf6 23. Rb3 Ne5 24. Bc3 Qf7 25. Bxe5 Bxe5 26. f4 Bg7 27. e4 Bd4+ 28. Kh2 Rf8 29. Rbb1 Qf6 30. Rbe1 Ra5 31. exf5 gxf5 32. Re6 1-0

[Event "SRB Central-ch op-A 6th"]
[Site "Paracin"]
[Date "2013.07.05"]
[Round "1"]
[White "Damljanovic, Branko"]
[Black "Budimir, Boris"]
[Result "1-0"]
[WhiteElo "2544"]
[BlackElo "2253"]
[PlyCount "45"]
[EventDate "2013.07.05"]
[EventType "swiss"]
[EventRounds "9"]
[EventCountry "SRB"]
[SourceTitle "CBM 155 Extra"]
[Source "ChessBase"]
[SourceDate "2013.08.26"]
[SourceVersion "1"]
[SourceVersionDate "2013.08.26"]
[SourceQuality "1"]

1. c4 c5 2. Nf3 Nc6 3. Nc3 Nd4 4. e3 Nxf3+ 5. Qxf3 e6 6. g3 Nf6 7. Bg2 Be7 8. 0-0 0-0 9. Rd1 a6 10. d4 cxd4 11. exd4 Rb8 12. Bf4 d6 13. Rac1 Qa5 14. Qe2 g5 15. b4 Qf5 16. Be3 Bd7 17. d5 e5 18. Ba7 Rbc8 19. Ne4 Nxe4 20. Bxe4 Qh3 21. c5 Ba4 22. Re1 Qd7 23. g4 1-0

[Event "Bosnjaci op 18th"]
[Site "Bosnjaci"]
[Date "2013.01.06"]
[Round "5"]
[White "Burovic, Rijad"]
[Black "Budimir, Boris"]
[Result "1/2-1/2"]
[WhiteElo "1841"]
[BlackElo "2270"]
[PlyCount "82"]
[EventDate "2013.01.03"]
[EventType "swiss"]
[EventRounds "9"]
[EventCountry "CRO"]
[SourceTitle "CBM 152 Extra"]
[Source "ChessBase"]
[SourceDate "2013.02.25"]
[SourceVersion "1"]
[SourceVersionDate "2013.02.25"]
[SourceQuality "1"]

1. e4 c5 2. d3 Nc6 3. g3 e6 4. Bg2 d5 5. Nd2 Nf6 6. Ngf3 dxe4 7. dxe4 e5 8. 0-0 Be7 9. c3 0-0 10. Qe2 a6 11. Nc4 Qc7 12. Bg5 h6 13. Bxf6 Bxf6 14. Ne3 Ne7 15. Rfd1 b5 16. a4 Bd7 17. Nd5 Nxd5 18. exd5 bxa4 19. d6 Qa7 20. Nxe5 Rae8 21. f4 Bxe5 22. fxe5 Be6 23. Bd5 c4+ 24. Qf2 Qxf2+ 25. Kxf2 Bxd5 26. Rxd5 f6 27. exf6 Rxf6+ 28. Kg2 Rd8 29. d7 Rb6 30. Rxa4 Rxb2+ 31. Kh3 Rb7 32. Rxa6 Rbxd7 33. Rxd7 Rxd7 34. Rc6 Rd2 35. Rxc4 Rc2 36. Rc8+ Kh7 37. c4 h5 38. c5 g5 39. c6 Kg7 40. c7 Kh7 41. Rd8 Rxc7 1/2-1/2

[Event "Bosnjaci op 18th"]
[Site "Bosnjaci"]
[Date "2013.01.05"]
[Round "4"]
[White "Budimir, Boris"]
[Black "Petricevic, Petar"]
[Result "1-0"]
[WhiteElo "2270"]
[BlackElo "2000"]
[PlyCount "109"]
[EventDate "2013.01.03"]
[EventType "swiss"]
[EventRounds "9"]
[EventCountry "CRO"]
[SourceTitle "CBM 152 Extra"]
[Source "ChessBase"]
[SourceDate "2013.02.25"]
[SourceVersion "1"]
[SourceVersionDate "2013.02.25"]
[SourceQuality "1"]

1. e4 g6 2. d4 Bg7 3. Nc3 d6 4. f4 e6 5. Nf3 Ne7 6. Be3 0-0 7. Qd2 d5 8. e5 Nf5 9. Bf2 Nc6 10. g4 Nh6 11. h3 Kh8 12. Be3 Ng8 13. h4 f5 14. g5 Nge7 15. h5 Rf7 16. hxg6 Nxg6 17. Nh4 Kg8 18. Qh2 Nce7 19. Be2 c6 20. Bh5 Bd7 21. Nxg6 hxg6 22. Bxg6 Nxg6 23. Qh7+ Kf8 24. Qxg6 Ke7 25. Qh5 Qh8 26. Qf3 Qg8 27. g6 Rff8 28. Qg3 Kd8 29. 0-0-0 Kc7 30. Rdg1 Rfe8 31. Bf2 a5 32. Na4 b6 33. Qb3 Rab8 34. Be1 Rb7 35. Nxb6 a4 36. Qxa4 Rxb6 37. Qa7+ Rb7 38. Ba5+ Kc8 39. Qa8+ Rb8 40. Qa6+ Rb7 41. Bb4 Bf8 42. Bxf8 Qxf8 43. g7 Qf7 44. Rh8 Rg8 45. Qa3 Kc7 46. Qf8 Qxf8 47. gxf8Q Rxg1+ 48. Kd2 Rg2+ 49. Ke1 Kb6 50. Qb4+ Kc7 51. Qa5+ Rb6 52. Rh7 Rxc2 53. Qa7+ Rb7 54. Rxd7+ Kxd7 55. Qxb7+ 1-0

[Event "Bosnjaci op 18th"]
[Site "Bosnjaci"]
[Date "2013.01.04"]
[Round "3"]
[White "Zaja, Ivan"]
[Black "Budimir, Boris"]
[Result "1-0"]
[WhiteElo "2488"]
[BlackElo "2270"]
[PlyCount "115"]
[EventDate "2013.01.03"]
[EventType "swiss"]
[EventRounds "9"]
[EventCountry "CRO"]
[SourceTitle "CBM 152 Extra"]
[Source "ChessBase"]
[SourceDate "2013.02.25"]
[SourceVersion "1"]
[SourceVersionDate "2013.02.25"]
[SourceQuality "1"]

1. d4 g6 2. e4 Bg7 3. Nc3 c6 4. Bc4 d5 5. exd5 b5 6. Bb3 b4 7. Nce2 cxd5 8. Nf4 e6 9. Nf3 Ne7 10. a3 bxa3 11. Rxa3 0-0 12. 0-0 Nbc6 13. c3 Nf5 14. Nd3 Na5 15. Bc2 Ba6 16. Re1 Bxd3 17. Bxd3 Nd6 18. Bg5 Qc7 19. Bf4 Nac4 20. Bxc4 dxc4 21. Ra6 Rfd8 22. Qa4 Bf8 23. Nd2 Qb7 24. Bxd6 Rxd6 25. Rxd6 Bxd6 26. Nxc4 Bf8 27. Ne5 Rc8 28. Nd3 Rc7 29. Qa5 Rd7 30. Qg5 Rc7 31. h4 Qa6 32. Qd8 Qc6 33. Ne5 Qb7 34. Nd3 Rc8 35. Qa5 Rc7 36. h5 Rd7 37. Qg5 Rd5 38. Re5 Rxe5 39. Qxe5 Qa6 40. Qe3 Qb5 41. hxg6 hxg6 42. b4 a5 43. bxa5 Qxa5 44. Ne5 Bg7 45. g3 Qc7 46. Nf3 Qc4 47. Nd2 Qd5 48. Qe4 Qa5 49. Qd3 Qa3 50. Nc4 Qa1+ 51. Kg2 Qa8+ 52. Qf3 Qc8 53. Qxf7+ Kxf7 54. Nd6+ Ke7 55. Nxc8+ Kd7 56. Nb6+ Kc6 57. Nc4 Kb5 58. Ne5 1-0

[Event "BIH-chT1B"]
[Site "Neum"]
[Date "2012.08.30"]
[Round "8.2"]
[White "Budimir, Boris"]
[Black "Kesten, Ermin"]
[Result "1-0"]
[WhiteElo "2268"]
[BlackElo "1927"]
[PlyCount "67"]
[EventDate "2012.08.25"]
[EventType "team-tourn"]
[EventRounds "9"]
[EventCountry "BIH"]
[SourceTitle "CBM 150 Extra"]
[Source "ChessBase"]
[SourceDate "2012.10.19"]
[SourceVersion "1"]
[SourceVersionDate "2012.10.19"]
[SourceQuality "1"]

1. e4 c6 2. d4 d5 3. exd5 cxd5 4. c4 Nf6 5. Nc3 Nc6 6. Bg5 dxc4 7. d5 Ne5 8. Qd4 Nd3+ 9. Bxd3 cxd3 10. Nf3 h6 11. Bxf6 exf6 12. 0-0 Be7 13. Ne4 Bf5 14. Rfe1 Bxe4 15. Qxe4 Kf8 16. Qxd3 g6 17. Qb3 Rb8 18. Rad1 Bd6 19. Nd2 Kg7 20. Nc4 Bc5 21. Qb5 b6 22. d6 Re8 23. d7 Rxe1+ 24. Rxe1 Rb7 25. Rd1 Rc7 26. Ne3 a6 27. Qd3 b5 28. a4 bxa4 29. Nc4 Bb4 30. g3 Rb7 31. Nd6 Bxd6 32. Qxd6 Rxb2 33. Re1 Rb7 34. Re8 1-0